Indonesian batik

Bibliographic Details
Format: Book

MARC

LEADER 00000cam a2200000 7i4500
001 0000006911
002 000007443
005 20000330.0
020 |a 0195826612 
090 0 0 |a 746.662   |b FRA 
245 1 0 |a Indonesian batik 
999 |a 0003251   |b BUKU   |c PINJAMAN   |e PERPUSTAKAAN KOMUNITI PETALING JAYA